|
|
|
|
| LEADER |
00000cam a2200000 a 4500 |
| 001 |
vtls011603440 |
| 003 |
SK-MaSNL |
| 005 |
20260301093320.0 |
| 008 |
240318s2016 xo e nfp 000 0 slo |
| 015 |
|
|
|a SNBA2017/01
|
| 020 |
|
|
|a 9788081524110
|q (brož.)
|
| 035 |
|
|
|a urn:nbn:sk:snk-am00cwg9
|
| 035 |
|
|
|a urn:nbn:sk:snk-am3hn98
|
| 035 |
|
|
|a 4C0FA8D6-764B-4FB4-ACB9-1E86D7B94C15
|
| 040 |
|
|
|a SNK
|b slo
|c SNK
|e AACR2
|
| 041 |
0 |
|
|a slo
|a lat
|
| 044 |
|
|
|a xo
|c SK
|
| 072 |
|
7 |
|a 611
|x Anatómia človeka a porovnávacia anatómia
|2 konspekt
|
| 080 |
|
|
|a 611
|2 2011
|
| 080 |
|
|
|a (035)
|2 2011
|
| 100 |
1 |
|
|a Kluchová, Darina,
|d 1949-
|4 aut
|9 192925
|
| 245 |
1 |
0 |
|a Príručka pre štúdium anatómie ľudského tela
|c Darina Kluchová, Květuše Lovásová, Adriana Boleková
|
| 250 |
|
|
|a 3. revid. a dopl. vyd.
|
| 260 |
|
|
|a Košice
|b Univerzita Pavla Jozefa Šafárika
|c 2016
|
| 300 |
|
|
|a 95 s.
|c 21 cm
|
| 366 |
|
|
|e 300 výt.
|
| 500 |
|
|
|a Vydavateľ: Univerzita Pavla Jozefa Šafárika v Košiciach, Lekárska fakulta, Ústav anatómie
|
| 504 |
|
|
|a Bibliogr.: s. 92
|
| 546 |
|
|
|a Čiast. text v lat.
|
| 650 |
0 |
7 |
|a anatómia človeka
|2 SNKPH
|9 711
|
| 650 |
0 |
7 |
|a Human anatomy
|2 SNKPHeng
|9 74119
|
| 655 |
|
7 |
|a príručky
|2 SNKPH
|9 74364
|
| 655 |
|
7 |
|a Handbooks, manuals, etc.
|2 SNKPHeng
|9 90964
|
| 700 |
1 |
|
|a Lovásová, Květuše,
|d 1961-
|4 aut
|9 198479
|
| 700 |
1 |
|
|a Boleková, Adriana,
|d 1969-
|4 aut
|9 192927
|
| 852 |
|
|
|a Štátna vedecká knižnica v Banskej Bystrici
|
| 919 |
|
|
|a 978-80-8152-411-0
|
| 958 |
|
|
|a MI
|
| 958 |
|
|
|a NB
|
| 999 |
|
|
|c 676643
|d 678573
|
| 952 |
|
|
|a SNK
|b SNK
|y PREZ
|7 0
|p 17A1250963
|o snkSC 172535
|i snk2017/751
|8 0
|0 0
|1 0
|4 0
|d 2017-01-11
|f 1
|l 0
|r 2025-09-10 00:00:00
|w 2026-02-23
|
| 952 |
|
|
|a SNK
|b SNK
|y VYP
|7 0
|p 17A1250964
|o snkSC 172535 D1
|i snk2017/752
|8 0
|0 0
|1 0
|4 0
|d 2017-01-11
|l 0
|r 2026-02-23 19:44:32
|w 2026-02-23
|